[Event "Paris-ch op-B 87th"]
[Site "Paris"]
[Date "2012.07.12"]
[Round "6"]
[White "Zeller, Olivier"]
[Black "Louis, Thibault"]
[Result "0-1"]
[WhiteElo "2013"]
[BlackElo "2151"]
[PlyCount "66"]
[EventDate "2012.07.07"]
[EventType "swiss"]
[EventRounds "9"]
[EventCountry "FRA"]
[SourceTitle "EXT 2013"]
[Source "ChessBase"]
[SourceDate "2012.11.22"]
[SourceVersion "1"]
[SourceVersionDate "2012.11.22"]
[SourceQuality "1"]

1. e4 e6 2. d4 d5 3. Nd2 Nc6 4. Ngf3 Nf6 5. e5 Nd7 6. Bd3 f6 7. 0-0 fxe5 8. Nxe5 Ndxe5 9. dxe5 Nxe5 10. Qh5+ Nf7 11. f4 g6 12. Qe2 Bc5+ 13. Kh1 0-0 14. Nf3 Qf6 15. Rb1 Bd6 16. b4 Bd7 17. Bb2 Qe7 18. g3 Rae8 19. Bxg6 hxg6 20. Qd3 Kh7 21. h4 e5 22. h5 Bf5 23. hxg6+ Kxg6 24. Qxd5 Rh8+ 25. Kg1 c6 26. Qc4 Bxb4 27. Nxe5+ Nxe5 28. Bxe5 Qc5+ 29. Qd4 Rxe5 30. Rxb4 Qxd4+ 31. Rxd4 Re2 32. Rd6+ Kf7 33. Rb1 b6 0-1

[Event "Paris-ch op-B 87th"]
[Site "Paris"]
[Date "2012.07.11"]
[Round "5"]
[White "Zeller, Olivier"]
[Black "Carre, Sylvain"]
[Result "1/2-1/2"]
[WhiteElo "2013"]
[BlackElo "2150"]
[PlyCount "91"]
[EventDate "2012.07.07"]
[EventType "swiss"]
[EventRounds "9"]
[EventCountry "FRA"]
[SourceTitle "EXT 2013"]
[Source "ChessBase"]
[SourceDate "2012.11.22"]
[SourceVersion "1"]
[SourceVersionDate "2012.11.22"]
[SourceQuality "1"]

1. e4 e5 2. Nf3 Nf6 3. Nxe5 d6 4. Nf3 Nxe4 5. Nc3 Nxc3 6. dxc3 Be7 7. Be3 Nd7 8. Qd2 0-0 9. 0-0-0 Ne5 10. Nd4 a6 11. f4 Ng4 12. Bd3 Re8 13. Rhe1 Bh4 14. g3 Bf6 15. Bg1 Nh6 16. Rxe8+ Qxe8 17. Re1 Qf8 18. Nf3 Bd7 19. Ng5 g6 20. Bd4 Bxd4 21. cxd4 Re8 22. Rxe8 Qxe8 23. Ne4 Qe7 24. d5 Bf5 25. Qb4 Bxe4 26. Qxe4 Qxe4 27. Bxe4 Ng4 28. h3 Nf6 29. Bf3 a5 30. Kd2 Kf8 31. Kd3 Ke7 32. Kc4 Kd8 33. c3 Ng8 34. Kb5 b6 35. b4 axb4 36. cxb4 Ne7 37. g4 Kc8 38. a4 Kb8 39. Kc4 h6 40. Kd4 f6 41. h4 g5 42. fxg5 fxg5 43. h5 Kb7 44. Ke4 Ka7 45. Be2 Kb7 46. Bf3 1/2-1/2

[Event "FRA-chT2 Nord 0708"]
[Site "France"]
[Date "2008.01.20"]
[Round "6.3"]
[White "D'Costa, Lorin AR"]
[Black "Zeller, Olivier"]
[Result "1-0"]
[WhiteElo "2406"]
[BlackElo "2010"]
[PlyCount "55"]
[EventDate "2007.10.21"]
[EventType "team"]
[EventRounds "11"]
[EventCountry "FRA"]
[SourceTitle "EXT 2009"]
[Source "ChessBase"]
[SourceDate "2008.11.26"]
[SourceVersion "1"]
[SourceVersionDate "2008.11.26"]
[SourceQuality "1"]
[WhiteTeam "Le Touquet"]
[BlackTeam "Arcueil"]
[WhiteTeamCountry "FRA"]
[BlackTeamCountry "FRA"]

1. e4 d6 2. d4 Nf6 3. Nc3 g6 4. Be3 Bg7 5. Qd2 c6 6. f3 b5 7. h4 Qa5 8. Nh3 Nbd7 9. a3 a6 10. Nf2 Bb7 11. g4 0-0-0 12. h5 Rhe8 13. Nd3 e5 14. dxe5 Nxe5 15. Nxe5 dxe5 16. Qf2 Rd4 17. h6 Bh8 18. Bh3 b4 19. g5+ Nd7 20. Na2 b3+ 21. Nc3 bxc2 22. 0-0 Qd8 23. Qxc2 Kb8 24. Na4 f5 25. exf5 gxf5 26. Bxf5 Rf4 27. Bxd7 Qxg5+ 28. Qg2 1-0

[Event "FRA-chT2 Nord 0708"]
[Site "France"]
[Date "2008.01.19"]
[Round "5.3"]
[White "Zeller, Olivier"]
[Black "Saiboulatov, Danial"]
[Result "0-1"]
[WhiteElo "2010"]
[BlackElo "2373"]
[PlyCount "60"]
[EventDate "2007.10.21"]
[EventType "team"]
[EventRounds "11"]
[EventCountry "FRA"]
[SourceTitle "EXT 2009"]
[Source "ChessBase"]
[SourceDate "2008.11.26"]
[SourceVersion "1"]
[SourceVersionDate "2008.11.26"]
[SourceQuality "1"]
[WhiteTeam "Arcueil"]
[BlackTeam "Arras"]
[WhiteTeamCountry "FRA"]
[BlackTeamCountry "FRA"]

1. e4 e6 2. d4 d5 3. Nd2 Nf6 4. e5 Nfd7 5. f4 c5 6. c3 Nc6 7. Ndf3 Qb6 8. g3 Be7 9. Bh3 0-0 10. Kf1 cxd4 11. cxd4 a5 12. Kg2 a4 13. Ne2 Qa6 14. f5 exf5 15. Bxf5 Ndxe5 16. Bxc8 Nxf3 17. Bf5 Ng5 18. Nf4 Rad8 19. Bd3 Qb6 20. Re1 Bb4 21. Re2 Nxd4 22. Be3 Bc5 23. Rc1 Nde6 24. Bxc5 Nxc5 25. Bb1 Qd6 26. Rd2 d4 27. Qh5 Nce6 28. Qh4 Nxf4+ 29. gxf4 Qd5+ 30. Kf2 Qf3+ 0-1

[Event "FRA-chT2 Nord 0708"]
[Site "France"]
[Date "2007.11.24"]
[Round "2.3"]
[White "Zeller, Olivier"]
[Black "Baillon, Olivier"]
[Result "1/2-1/2"]
[WhiteElo "2006"]
[BlackElo "2254"]
[PlyCount "47"]
[EventDate "2007.10.21"]
[EventType "team"]
[EventRounds "11"]
[EventCountry "FRA"]
[SourceTitle "EXT 2009"]
[Source "ChessBase"]
[SourceDate "2008.11.26"]
[SourceVersion "1"]
[SourceVersionDate "2008.11.26"]
[SourceQuality "1"]
[WhiteTeam "Arcueil"]
[BlackTeam "Club 608"]
[WhiteTeamCountry "FRA"]
[BlackTeamCountry "FRA"]

1. e4 e6 2. d4 d5 3. Nd2 Be7 4. exd5 Qxd5 5. Ngf3 c5 6. dxc5 Qxc5 7. Bd3 Nf6 8. 0-0 0-0 9. Nc4 Nbd7 10. Bf4 Nd5 11. Bg3 b5 12. Nce5 N7f6 13. Nd4 a6 14. c3 Bb7 15. a4 Nc7 16. b4 Qd5 17. Nef3 Rfc8 18. Re1 Qd8 19. axb5 Nxb5 20. Nxb5 axb5 21. Rxa8 Bxa8 22. Bxb5 Rxc3 23. Qxd8+ Bxd8 24. Ra1 1/2-1/2

[Event "FRA-chT2 North 0607"]
[Site "France"]
[Date "2006.12.10"]
[Round "4.3"]
[White "Zeller, Olivier"]
[Black "Haik, Aldo"]
[Result "0-1"]
[WhiteElo "2047"]
[BlackElo "2371"]
[PlyCount "68"]
[EventDate "2006.10.15"]
[EventType "team"]
[EventRounds "11"]
[EventCountry "FRA"]
[SourceTitle "EXT 2008"]
[Source "ChessBase"]
[SourceDate "2007.11.25"]
[SourceVersion "1"]
[SourceVersionDate "2007.11.25"]
[SourceQuality "1"]
[WhiteTeam "Arcueil"]
[BlackTeam "Noisy le Grand"]
[WhiteTeamCountry "FRA"]
[BlackTeamCountry "FRA"]

1. e4 c6 2. d4 d5 3. Nd2 dxe4 4. Nxe4 Bf5 5. Ng3 Bg6 6. h4 h6 7. Nf3 Nd7 8. h5 Bh7 9. Bd3 Bxd3 10. Qxd3 Ngf6 11. Bd2 e6 12. Qe2 Qc7 13. Ne5 c5 14. Nxd7 Qxd7 15. 0-0-0 0-0-0 16. Ba5 Re8 17. Qc4 b5 18. Qb3 c4 19. Qf3 Qd5 20. Qxd5 exd5 21. f3 g6 22. hxg6 fxg6 23. Rde1 Bd6 24. Ne2 b4 25. Kd1 Kd7 26. c3 bxc3 27. Bxc3 h5 28. Bd2 Rhf8 29. Bf4 Rxe2 30. Rxe2 Bxf4 31. g4 hxg4 32. fxg4 Rf7 33. Rh8 Ne4 34. Ra8 Kc6 0-1

[Event "FRA-chT2 North 0607"]
[Site "France"]
[Date "2006.10.15"]
[Round "1.4"]
[White "Bortot, Olivier"]
[Black "Zeller, Olivier"]
[Result "1-0"]
[WhiteElo "2013"]
[BlackElo "2047"]
[PlyCount "69"]
[EventDate "2006.10.15"]
[EventType "team"]
[EventRounds "11"]
[EventCountry "FRA"]
[SourceTitle "EXT 2008"]
[Source "ChessBase"]
[SourceDate "2007.11.25"]
[SourceVersion "1"]
[SourceVersionDate "2007.11.25"]
[SourceQuality "1"]
[WhiteTeam "Rosny sous Bois"]
[BlackTeam "Arcueil"]
[WhiteTeamCountry "FRA"]
[BlackTeamCountry "FRA"]

1. e4 d6 2. d4 Nf6 3. Nc3 g6 4. f4 Bg7 5. Nf3 0-0 6. Bd3 Na6 7. 0-0 c5 8. d5 Bg4 9. Qe1 Nb4 10. a3 Nxd3 11. cxd3 Bxf3 12. Rxf3 e6 13. dxe6 fxe6 14. Qh4 Ne8 15. Qh3 Qd7 16. Be3 Nc7 17. Rd1 b5 18. d4 c4 19. d5 Rae8 20. Bd4 Bxd4+ 21. Rxd4 Qg7 22. Rd1 exd5 23. exd5 a5 24. f5 g5 25. Qg3 Re5 26. h4 g4 27. Rf4 h5 28. Qf2 b4 29. axb4 axb4 30. Ne4 Nxd5 31. f6 Qg6 32. f7+ Kg7 33. Nxd6 Nxf4 34. Qxf4 Kh7 35. Qxe5 1-0

[Event "Banyoles op 8th"]
[Site "Banyoles"]
[Date "2005.08.17"]
[Round "1"]
[White "Borges Matos, Juan R"]
[Black "Zeller, Olivier"]
[Result "1-0"]
[WhiteElo "2467"]
[BlackElo "2051"]
[PlyCount "103"]
[EventDate "2005.08.17"]
[EventType "swiss"]
[EventRounds "9"]
[EventCountry "ESP"]
[SourceTitle "CBM 108 Extra"]
[Source "ChessBase"]
[SourceDate "2005.11.04"]
[SourceVersion "1"]
[SourceVersionDate "2005.11.04"]
[SourceQuality "1"]

1. d4 Nf6 2. Nf3 g6 3. c4 Bg7 4. Nc3 0-0 5. Bf4 d6 6. h3 Nfd7 7. e4 e5 8. Bg5 f6 9. Bh4 Nc6 10. d5 Ne7 11. Be2 a5 12. 0-0 Nc5 13. Ne1 f5 14. f3 f4 15. Nd3 Nxd3 16. Qxd3 Bf6 17. Bf2 b6 18. a3 Kh8 19. b4 Ng8 20. Rfc1 Bh4 21. Nd1 Bxf2+ 22. Nxf2 h5 23. c5 bxc5 24. bxc5 g5 25. Rab1 Nh6 26. Qc3 g4 27. fxg4 hxg4 28. hxg4 Rf7 29. cxd6 cxd6 30. Qc6 Rfa7 31. Qb6 Qxb6 32. Rxb6 Nf7 33. g5 Nxg5 34. Rxd6 Bd7 35. Rg6 Rg8 36. Rxg8+ Kxg8 37. Bf3 Kg7 38. Rb1 Rc7 39. d6 Ra7 40. Nd3 Nf7 41. Rb6 Kf6 42. Nc5 Ng5 43. Kf2 Nf7 44. Ke2 Ng5 45. Kd3 Nf7 46. Kc4 Ng5 47. Kd5 Nf7 48. Bh5 Nd8 49. Nxd7+ Rxd7 50. Rb8 Nf7 51. Bxf7 Kxf7 52. Kc6 1-0